| 000 | 00988nam0a22002651 4500 | ||
|---|---|---|---|
| 001 | rc\2780975 | ||
| 005 | 20250806210223.0 | ||
| 035 | _a(NLR Aleph) 006907211 | ||
| 090 |
_a22544 _c22544 |
||
| 100 | _a20110915d1942 u y0rusy50 ca | ||
| 101 | 0 | _arus | |
| 102 | _aRU | ||
| 105 | _ay z ||||| | ||
| 200 | 1 |
_aТрахома _fЗаслуженный деятель науки проф. А. Н. Мурзин, дир. Казанского науч.-исслед. трахоматозного ин-та им. Е. В. Адамюка |
|
| 210 |
_aМосква _cМедгиз _d1942 |
||
| 215 |
_a26, [2] с. _d20 см. |
||
| 225 | 1 | _aВ помощь участковому врачу | |
| 700 | 1 |
_aМурзин _bА.Н. _f1885-195? _gАлександр Николаевич |
|
| 801 | 0 |
_aRU _bNLR _gpsbo |
|
| 801 | 1 |
_aRU _bELAR _2rusmarc |
|
| 852 |
_aNLR _jМд80 Г-4/22 |
||
| 942 | _cBOOK | ||
| 945 | _aРоссийская национальная библиотека | ||
| 980 | _aNB | ||
| 980 | _aBV | ||